| Tag |
First Indicator |
Second Indicator |
Subfields |
| LEADER |
00000cam a22000001a 4500 |
| 001 |
in00001720708 |
| 005 |
20151024204319.0 |
| 008 |
750602s1903 ilu 000 0 eng |
| 010 |
|
|
|a 02028283
|
| 019 |
|
|
|a 1147626
|a 39644008
|
| 035 |
|
|
|a (OCoLC)ocm01368146
|
| 040 |
|
|
|a DLC
|c RIU
|d DLC
|d TXA
|d UtOrBLW
|
| 049 |
|
|
|a TXAM
|
| 050 |
0 |
0 |
|a PS3238
|b .M3
|
| 082 |
0 |
|
|a 811/.3
|
| 090 |
|
|
|a PS3238
|b .M3 1903
|
| 100 |
1 |
|
|a Maynard, Mila Tupper,
|d 1864-1926.
|
| 245 |
1 |
0 |
|a Walt Whitman :
|b the poet of the wider selfhood /
|c by Mila Tupper Maynard.
|
| 264 |
|
1 |
|a Chicago :
|b C.H. Kerr,
|c 1903.
|
| 300 |
|
|
|a 145 pages ;
|c 20 cm.
|
| 336 |
|
|
|a text
|b txt
|2 rdacontent
|
| 337 |
|
|
|a unmediated
|b n
|2 rdamedia
|
| 338 |
|
|
|a volume
|b nc
|2 rdacarrier
|
| 580 |
|
|
|a Part of The Roger Asselineau Whitman Collection.
|
| 600 |
1 |
0 |
|a Whitman, Walt,
|d 1819-1892
|x Criticism and interpretation.
|
| 650 |
|
0 |
|a Self in literature.
|
| 773 |
0 |
|
|t Roger Asselineau Whitman Collection.
|
| 994 |
|
|
|a E0
|b TXA
|
| 948 |
|
|
|a cataloged
|b h
|c 2003/2/10
|d c
|e mzajicek
|f 9:32:30 am
|
| 999 |
|
|
|a MARS
|
| 999 |
f |
f |
|s 06726be6-648e-322d-8528-374c60dd18e8
|i 8b2f20e1-a3f3-3cd4-a4f4-a2e877ee8102
|t 0
|
| 952 |
f |
f |
|p noncirc
|a Texas A&M University
|b College Station
|c Cushing Memorial Library & Archives
|d Cushing: Literature/Whitman (Does not check out)
|t 0
|e PS3238 .M3 1903
|h Library of Congress classification
|i unmediated -- volume
|
| 998 |
f |
f |
|a PS3238 .M3 1903
|t 0
|l Cushing: Literature/Whitman (Does not check out)
|